000 00324nam a22001097a 4500
008 131104b xxu||||| |||| 00| 0 eng d
020 _a0070635528
_cAvailable
050 _a658.3
082 _212th Ed
245 _aOrganizational Behavior Human Behavior at work
_cNewstrom John W
260 _aIndia
_bThe McGraw-Hill Companies
_c2007
999 _c23492
_d23492